Statistics for Royal Family tree

Click here to take the quiz!

General Stats

  • This quiz has been taken 986 times
  • The average score is 38 of 49

Answer Stats

ReignKing/Queen% Correct
1558 - 1603Elizabeth I
94%
1952 - todayElizabeth II
93%
1837 - 1901Victoria
90%
1714 - 1727George I
89%
1727 - 1760George II
89%
1760 - 1820George III
89%
1413 - 1422Henry V
89%
1470 - 1471Henry VI
89%
1422 - 1461Henry VI
89%
1272 - 1307Edward I
88%
1483Edward V
88%
1547 - 1553Edward VI
88%
1910 - 1936George V
88%
1100 - 1135Henry I
88%
1485 - 1509Henry VII
88%
1307 - 1327Edward II
87%
1936 - 1952George VI
87%
1154 - 1189Henry II
87%
1509 - 1547Henry VIII
87%
1327 - 1377Edward III
86%
1901 - 1910Edward VII
86%
1820 - 1830George IV
86%
1216 - 1272Henry III
86%
1066 - 1087William I
86%
1936Edward VIII
85%
1625 - 1649Charles I
84%
1471 - 1483Edward IV
84%
1461 - 1470Edward IV
84%
1399 - 1413Henry IV
84%
1660 - 1685Charles II
83%
1689 - 1702William II
83%
1087 - 1100William II
83%
1553 - 1558Mary I
80%
1603 - 1625James I
77%
1685 - 1688James II
75%
1189 - 1199Richard I
73%
1702 - 1707Anne
72%
1707 - 1714Anne
72%
1199 - 1216John
72%
1377 - 1399Richard II
72%
1689 - 1694Mary II
71%
1483 - 1485Richard III
71%
1135 - 1154Stephen
57%
1830 - 1837William IV
55%
1553Jane
52%
1653 - 1658Oliver Cromwell
40%
1042 - 1066Edward the Confessor
28%
1658 - 1659Richard Cromwell
25%
Jan 1066- Oct 1066Harold Godwinson
23%

Score Distribution

Percentile by Number Answered

Percent of People with Each Score

Your Score History

You have not taken this quiz